00593nam a2200157 i 450000100060000000300090000600500170001500700030003200800410003511000460007624501670012226000310028961000570032070000330037785200250041081900ES-MaACL20230906174532.0t|041108s1912 sp ||||1| spa d0 aInstituto General y Técnico de Vitoria.10aInstituto General y Técnico de Vitoria b: memoria del curso del 1911 á 1912 leída en la apertura del curso de 1912 á 1913 / cEnrique Iglesias y Ejarque. aVitoria : b[s.n., c1912]24aInstituto General y Técnico de Vitoria-vMemorias.0 aIglesias y Ejarque, Enrique. aES-MaACLjT-1333-F-9